000 00818nam a2200241 i 4500
001 14780
003 ES-MaACL
005 20230906150904.0
007 t|
008 990603s1965 sp ||||1| spa d
080 _a821.134.2-14"19"
100 1 _aMendizábal, Federico de.
_980208
245 1 0 _aCampos de Calatrava /
_cFederico de Mendizábal ; presentación de Ramón López Villodre ; ofrendas poéticas por Fernando José de Larra y Luis Morales Gil.
260 _aMadrid :
_b[el autor,
_c1968]
300 _a147 p. ;
_c17 cm.
490 1 _aColección Hispania
700 1 _aLópez Villodre, Ramón.
_974029
700 1 _aLarra, Fernando José de.
_970286
700 1 _aMorales Gil, Luis.
_983039
830 0 _aColección Hispania
_9179663
852 _aES-MaACL
_jL-21868
_bR.118117
999 _c14780
_d14780